00242nam a2200097Ia 4500008004100000100001900041245004400060260002200104300000800126650001000134190216s9999||||xx |||||||||||||| ||und|| aMadan Lal Goud 0aHindi-Pramath Kumar Sugjom Ki Kahaniyam bSahithya Accadamy a208 aHindi